Top 10 Countries By Religion Percentage-Wise - Statistics

General Stats
  • This quiz has been taken 167 times
    130 since last reset
  • The average score is 23 of 38
Answer Stats
Religion Answer % Correct
Hinduism India
97%
Hinduism Nepal
89%
Christianity Vatican City
86%
Islam Iran
84%
Buddhism Thailand
83%
Buddhism Japan
82%
Buddhism, Hinduism Bhutan
81%
Buddhism Cambodia
81%
Buddhism Laos
81%
Buddhism, Hinduism Sri Lanka
79%
Buddhism Myanmar
75%
Buddhism South Korea
72%
Islam Comoros/Niger
71%
Islam Morocco
71%
Islam Yemen
71%
Islam Algeria
67%
Islam Maldives
67%
Buddhism Mongolia
63%
Islam Afghanistan
62%
Hinduism Qatar
61%
Buddhism Singapore
61%
Islam Somalia
61%
Islam Tunisia
60%
Islam Mauritania
59%
Hinduism Fiji
50%
Hinduism Mauritius
50%
Christianity Greece
46%
Christianity East Timor
45%
Christianity Armenia
44%
Hinduism Guyana
44%
Hinduism Suriname
42%
Christianity Romania
33%
Hinduism Trinidad and Tobago
33%
Christianity Haiti
32%
Christianity Papua New Guinea
28%
Christianity Paraguay
19%
Christianity Grenada
18%
Christianity Zambia
11%
No matching quizzes found
Score Distribution
Percent of People with Each Score
Percentile by Number Answered
Your Score History
You have not taken this quiz since the last reset